Thresholds / (Record no. 3838)

MARC details
000 -LEADER
fixed length control field 00400nam a22001577a 4500
003 - CONTROL NUMBER IDENTIFIER
control field GBCCL
005 - DATE AND TIME OF LATEST TRANSACTION
control field 20241126110505.0
008 - FIXED-LENGTH DATA ELEMENTS--GENERAL INFORMATION
fixed length control field 171214b xxu||||| |||| 00| 0 eng d
040 ## - CATALOGING SOURCE
Transcribing agency gbc
082 ## - DEWEY DECIMAL CLASSIFICATION NUMBER
Classification number 813.54
Item number BAL
100 ## - MAIN ENTRY--PERSONAL NAME
Personal name Baldwin, Faith
9 (RLIN) 7555
245 ## - TITLE STATEMENT
Title Thresholds /
Statement of responsibility, etc. Faith Baldwin
260 ## - PUBLICATION, DISTRIBUTION, ETC.
Name of publisher, distributor, etc. Warner Paperback Library,
Place of publication, distribution, etc. New York:
Date of publication, distribution, etc. 1972
300 ## - PHYSICAL DESCRIPTION
Extent 222 p.;
Dimensions 17 cm.
942 ## - ADDED ENTRY ELEMENTS (KOHA)
Source of classification or shelving scheme Dewey Decimal Classification
Koha item type Books
Koha issues (borrowed), all copies 1
Holdings
Withdrawn status Lost status Source of classification or shelving scheme Damaged status Not for loan Home library Current Library Shelving location Date acquired Total checkouts Full call number Barcode Date last seen Date last checked out Copy number Price effective from Koha item type
    Dewey Decimal Classification     GRACE BIBLE COLLEGE GRACE BIBLE COLLEGE General Studies 2017-12-14 1 813.54 BAL 009308 2025-05-01 2022-11-11 c.1 2017-12-14 Books
© Grace Bible College Library 2025